00627 a2200181 4500020001100000020001100011020001100022035001700033037004800050082001100098100001800109245015800127250001100285260004000296300007200336700001900408700001800427 c280.00 c375.00 c400.00 aB-118629-631 bRP-ZLS-2308 / PANSY-05-06:11 / RP-05-06:ENG14a610.761 aArora, Arvind1 aReview of post graduate medical entrance examinationb20,000 MCQ's fully referenced and topic wise arrangedcby Arvind Arora, Amit Tripathi, Ashish Gupta a2nd ed aGorakhpurbPulse Publicationsc2005 a3V (various pagings, various pagings, various pagings)c27 cm (pbk) aTripathi, Amit aGupta, Ashish